| 000 -LEADER |
| fixed length control field |
02105pam a22004574a 4500 |
| 001 - CONTROL NUMBER |
| control field |
57316638 |
| 003 - CONTROL NUMBER IDENTIFIER |
| control field |
OCoLC |
| 005 - DATE AND TIME OF LATEST TRANSACTION |
| control field |
20210420061217.0 |
| 008 - FIXED-LENGTH DATA ELEMENTS--GENERAL INFORMATION |
| fixed length control field |
041215s2005 dcua b 001 0 eng |
| 010 ## - LIBRARY OF CONGRESS CONTROL NUMBER |
| LC control number |
2004-29916 |
| 016 7# - NATIONAL BIBLIOGRAPHIC AGENCY CONTROL NUMBER |
| Record control number |
101236345 |
| Source |
DNLM |
| 020 ## - INTERNATIONAL STANDARD BOOK NUMBER |
| International Standard Book Number |
1585621994 (alk. paper) |
| 040 ## - CATALOGING SOURCE |
| Original cataloging agency |
DNLM/DLC |
| Transcribing agency |
DLC |
| Modifying agency |
YDX |
| -- |
NLM |
| 042 ## - AUTHENTICATION CODE |
| Authentication code |
pcc |
| 049 ## - LOCAL HOLDINGS (OCLC) |
| Holding library |
YYEA |
| 080 ## - UNIVERSAL DECIMAL CLASSIFICATION NUMBER |
| Universal Decimal Classification number |
616.89 |
| Item number |
K-19 |
| 096 ## - LOCALLY ASSIGNED NLM-TYPE CALL NUMBER (OCLC) |
| Classification number |
WM 460 K16p 2005 |
| 100 1# - MAIN ENTRY--PERSONAL NAME |
| Personal name |
Kandel, Eric R. |
| 245 10 - TITLE STATEMENT |
| Title |
Psychiatry, psychoanalysis, and the new biology of mind / |
| Statement of responsibility, etc. |
by Eric R. Kandel ; with commentaries by Arnold M. Cooper ... [et al.]. |
| 250 ## - EDITION STATEMENT |
| Edition statement |
1st ed. |
| 260 ## - PUBLICATION, DISTRIBUTION, ETC. |
| Place of publication, distribution, etc. |
Washington, DC : |
| Name of publisher, distributor, etc. |
American Psychiatric Pub., |
| Date of publication, distribution, etc. |
c2005. |
| 300 ## - PHYSICAL DESCRIPTION |
| Extent |
xxvi, 414 p. : |
| Other physical details |
ill. (some col.) ; |
| Dimensions |
24 cm. |
| 504 ## - BIBLIOGRAPHY, ETC. NOTE |
| Bibliography, etc. note |
Includes bibliographical references and index. |
| 505 0# - FORMATTED CONTENTS NOTE |
| Formatted contents note |
Psychotherapy and the single synapse -- A new intellectual framework for psychiatry -- Biology and the future of psychoanalysis: a new intellectual framework for psychiatry revisited -- From metapsychology to molecular biology: explorations into the nature of anxiety -- Neurobiology and molecular biology: the second encounter -- Neural science: a century of progress and the mysteries that remain / by Thomas D. Albright ... [et al.] -- The molecular biology of memory storage: a dialog between genes and synapses -- Genes, brains and self-understanding: biology's aspirations for a new humanism. |
| 590 ## - LOCAL NOTE (RLIN) |
| Local note |
c.1 2400001667 Majors 9/22/05 $58.00. |
| 650 #2 - SUBJECT ADDED ENTRY--TOPICAL TERM |
| Topical term or geographic name entry element |
Psychoanalysis |
| Form subdivision |
Collected Works. |
| 650 #2 - SUBJECT ADDED ENTRY--TOPICAL TERM |
| Topical term or geographic name entry element |
Mental Processes |
| General subdivision |
physiology |
| Form subdivision |
Collected Works. |
| 650 #2 - SUBJECT ADDED ENTRY--TOPICAL TERM |
| Topical term or geographic name entry element |
Molecular Biology |
| General subdivision |
methods |
| Form subdivision |
Collected Works. |
| 650 #2 - SUBJECT ADDED ENTRY--TOPICAL TERM |
| Topical term or geographic name entry element |
Psychiatry |
| General subdivision |
methods |
| Form subdivision |
Collected Works. |
| 653 ## - INDEX TERM--UNCONTROLLED |
| Uncontrolled term |
ფსიქიატრია |
| 700 ## - ADDED ENTRY--PERSONAL NAME |
| 9 (RLIN) |
366 |
| Personal name |
Kandel,R.Eric |
| 700 ## - ADDED ENTRY--PERSONAL NAME |
| 9 (RLIN) |
375 |
| Personal name |
Zorumski,F.Charles |
| 700 ## - ADDED ENTRY--PERSONAL NAME |
| 9 (RLIN) |
374 |
| Personal name |
Rapoport,L.Judith |
| 700 ## - ADDED ENTRY--PERSONAL NAME |
| 9 (RLIN) |
373 |
| Personal name |
Oldham,M.John |
| 700 ## - ADDED ENTRY--PERSONAL NAME |
| 9 (RLIN) |
372 |
| Personal name |
Nestler,J.Eric |
| 700 ## - ADDED ENTRY--PERSONAL NAME |
| 9 (RLIN) |
371 |
| Personal name |
LeDoux,Joseph |
| 700 ## - ADDED ENTRY--PERSONAL NAME |
| 9 (RLIN) |
370 |
| Personal name |
Klein,F.Donald |
| 700 ## - ADDED ENTRY--PERSONAL NAME |
| 9 (RLIN) |
369 |
| Personal name |
Insel,R.Thomas |
| 700 ## - ADDED ENTRY--PERSONAL NAME |
| 9 (RLIN) |
368 |
| Personal name |
Hyman,E.Steven |
| 942 ## - ADDED ENTRY ELEMENTS (KOHA) |
| Source of classification or shelving scheme |
|
| Koha item type |
Books |